<?xml version="1.0" encoding="UTF-8"?><?xml-stylesheet type="text/xsl" href="static/style.xsl"?><OAI-PMH xmlns="http://www.openarchives.org/OAI/2.0/" xmlns:xsi="http://www.w3.org/2001/XMLSchema-instance" xsi:schemaLocation="http://www.openarchives.org/OAI/2.0/ http://www.openarchives.org/OAI/2.0/OAI-PMH.xsd"><responseDate>2026-04-18T17:38:40Z</responseDate><request verb="GetRecord" identifier="oai:riubu.ubu.es:10259/9198" metadataPrefix="marc">https://riubu.ubu.es/oai/request</request><GetRecord><record><header><identifier>oai:riubu.ubu.es:10259/9198</identifier><datestamp>2025-03-20T12:34:41Z</datestamp><setSpec>com_10259_5786</setSpec><setSpec>com_10259_5086</setSpec><setSpec>com_10259_2604</setSpec><setSpec>col_10259_10358</setSpec></header><metadata><record xmlns="http://www.loc.gov/MARC21/slim" xmlns:doc="http://www.lyncode.com/xoai" xmlns:xsi="http://www.w3.org/2001/XMLSchema-instance" xmlns:dcterms="http://purl.org/dc/terms/" xsi:schemaLocation="http://www.loc.gov/MARC21/slim http://www.loc.gov/standards/marcxml/schema/MARC21slim.xsd">
<leader>00925njm 22002777a 4500</leader>
<datafield tag="042" ind1=" " ind2=" ">
<subfield code="a">dc</subfield>
</datafield>
<datafield tag="720" ind1=" " ind2=" ">
<subfield code="a">Salvador García, Celina</subfield>
<subfield code="e">author</subfield>
</datafield>
<datafield tag="720" ind1=" " ind2=" ">
<subfield code="a">Chiva Bartoll, Oscar</subfield>
<subfield code="e">author</subfield>
</datafield>
<datafield tag="720" ind1=" " ind2=" ">
<subfield code="a">Hortigüela Alcalá, David</subfield>
<subfield code="e">author</subfield>
</datafield>
<datafield tag="720" ind1=" " ind2=" ">
<subfield code="a">Marzà, Anna</subfield>
<subfield code="e">author</subfield>
</datafield>
<datafield tag="260" ind1=" " ind2=" ">
<subfield code="c">2024-05</subfield>
</datafield>
<datafield tag="520" ind1=" " ind2=" ">
<subfield code="a">This guide presents some practical orientations with the aim to facilitate using the Content and Language Integrated&#xd;
Learning (CLIL) approach in the Physical Education (PE) area. This document is divided into four sections. The first one&#xd;
identifies the nature and basic characteristics of the CLIL in PE model. Next, the second section introduces 14 guiding&#xd;
principles to apply CLIL in PE. In order to put these guiding principles into practice, the third section describes the PE CLIL&#xd;
teacher profile as well as some teaching and learning implications together with examples to show practical&#xd;
implementations. Finally, some frequently asked questions are answered and a glossary of specific terms is provided.&#xd;
The ideas and orientations presented in this document compose an open guide and are conceived as a point of departure,&#xd;
but every teacher is expected to adjust their implementation to the characteristics of their students, their specific context,&#xd;
and their personal teacher profile. Therefore, this document does not aspire to emerge as a rigid instrument but as a&#xd;
starting point. All in all, this guide has been developed by an interdisciplinary team whose research has set the base of the&#xd;
orientations herein. At the end of the document several of these studies are listed to enable deepening on the topic of&#xd;
CLIL in PE.</subfield>
</datafield>
<datafield tag="024" ind2=" " ind1="8">
<subfield code="a">http://hdl.handle.net/10259/9198</subfield>
</datafield>
<datafield tag="245" ind1="0" ind2="0">
<subfield code="a">Guide to apply CLIL in PE: a models based framework perspective</subfield>
</datafield>
</record></metadata></record></GetRecord></OAI-PMH>